[Event "Tata Steel-A 80th"]
[Site "Wijk aan Zee"]
[Date "2018.01.17"]
[Round "5"]
[White "Carlsen, Magnus"]
[Black "Kramnik, Vladimir"]
[Result "1/2-1/2"]
[WhiteElo "2834"]
[BlackElo "2787"]
[Annotator "ChessBase II"]
[PlyCount "126"]
[EventDate "2018.01.13"]
[EventType "tourn"]
[EventRounds "13"]
[EventCountry "NED"]
[EventCategory "20"]
[SourceTitle "CBM 183"]
[Source "ChessBase"]
[SourceDate "2018.03.14"]
[SourceVersion "1"]
[SourceVersionDate "2018.03.14"]
[SourceQuality "1"]
[TimeControl "40/6000+30:20/3000+30:900+30"]

{Especially dramatic was the match between Magnus Carlsen and Vladimir Kramnik. In an Italian game Kramnik reached easy equality with Black} 1. e4 {[%emt 0:00:00]} e5 {[%emt 0:00:09]} 2. Nf3 {[%emt 0:00:00]} Nc6 {[%emt 0:00:05]} 3. Bc4 {[%emt 0:00:00]} Bc5 {[%emt 0:00:16]} 4. O-O {[%emt 0:00:01]} Nf6 {[%emt 0:00:22]} 5. d3 {[%emt 0:00:07]} d6 {[%emt 0:01:10]} 6. c3 {[%emt 0:00:19]} a6 {[%emt 0:00:11]} 7. a4 {[%emt 0:00:17]} O-O {[%emt 0:01:12]} 8. h3 {[%emt 0:00:18]} h6 {[%emt 0:02:17]} 9. Re1 {[%emt 0:02:41]} Re8 {[%emt 0:00:58]} 10. Nbd2 {[%emt 0:03:42]} Be6 {[%emt 0:01:14]} 11. Bxe6 {[%emt 0:01:26]} Rxe6 {[%emt 0:00:25]} 12. b4 {[%emt 0:00:06]} Ba7 {[%emt 0:00:04]} 13. Qc2 {[%emt 0:06:43]} Qd7 {[%emt 0:00:13]} 14. Nf1 {[%emt 0:06:09]} ({RR} 14. Rb1 Rd8 15. b5 Ne7 16. Nc4 Ng6 17. Be3 Bxe3 18. Nxe3 d5 19. c4 d4 20. Nd5 axb5 21. axb5 c6 22. bxc6 bxc6 23. Nb6 Qe7 24. g3 Nf8 25. c5 Ne8 26. Ra1 Qf6 27. Kg2 Nc7 28. Ra5 Ree8 {Bok,B (2593)-Vrolijk,L (2521) Venlo NED 2025 ½-½ (42)}) 14... d5 {[%emt 0:01:00]} 15. Ng3 {[%emt 0:14:26]} Rd8 {[%emt 0:04:39]} 16. exd5 $146 {[%emt 0:16:32]} ({RR} 16. Rb1 Ne7 17. c4 dxc4 18. dxc4 Nc6 19. c5 Qd3 20. Qxd3 Rxd3 21. Be3 a5 22. bxa5 Nxa5 23. Rb5 b6 24. Nxe5 Ra3 25. Rd1 Rxa4 26. Rd8+ Kh7 27. Nxf7 Nxe4 28. Nxe4 Raxe4 29. Rc8 Re7 30. Nd8 c6 {Silich,Y (2221)-Bialiauski,A (1996) Minsk 2022 1-0 (74)}) ({RR} 16. Rb1 Ne7 17. c4 dxc4 18. dxc4 Nc6 19. c5 Qd3 20. Qxd3 Rxd3 21. Be3 a5 22. bxa5 Nxa5 23. Rb5 b6 24. Nxe5 Ra3 25. Rd1 Rxa4 26. Rd8+ Kh7 27. Nxf7 Nxe4 28. Nxe4 Raxe4 29. Rc8 Re7 30. Nd8 c6 {Silich,Y (2221)-Bialiauski,A (1996) Minsk 2022 1-0 (74)}) 16... Qxd5 {[%emt 0:14:05]} 17. Be3 {[%emt 0:00:09]} Qxd3 {[%emt 0:19:40]} 18. Qxd3 {[%emt 0:00:07]} Rxd3 {[%emt 0:00:05]} 19. Bxa7 {[%emt 0:09:11]} Nxa7 {[%emt 0:01:24]} 20. Nxe5 {[%emt 0:00:04]} Rd5 {[%emt 0:02:26]} 21. Ng4 {[%emt 0:00:20]} Nxg4 {[%emt 0:06:14]} 22. Rxe6 {[%emt 0:00:04]} fxe6 {[%emt 0:00:09]} 23. hxg4 {[%emt 0:00:04]} a5 {[%emt 0:01:58]} 24. f3 {[%emt 0:02:26]} Nc6 {[%emt 0:07:20]} 25. Rb1 {[%emt 0:07:16]} b6 {[%emt 0:08:27]} 26. Ne4 {[%emt 0:00:46]} axb4 {[%emt 0:04:39]} 27. cxb4 {[%emt 0:00:12]} Rd4 {[%emt 0:00:03]} 28. b5 $6 {[%emt 0:01:15] After one "impulsive" move (28.b5) — as Carlsen said after the game — the Norwegian even came under pressure and had to save himself in a rook ending, where black had two pawns extra — although doubled on the g-line. With only one g-pawn it would be a theoretical draw, but the second g-pawn made the matter "tricky" to quote Carlsen. But Carlsen defended himself precisely and saved the draw} Ne5 {[%emt 0:01:27]} 29. Rc1 {[%emt 0:11:02]} Nxg4 {[%emt 0:07:22]} 30. fxg4 {[%emt 0:02:50]} Rxe4 {[%emt 0:00:35]} 31. Rxc7 {[%emt 0:00:09]} Rxa4 {[%emt 0:02:44]} 32. Rc6 {[%emt 0:02:10]} Kf7 {[%emt 0:02:36]} 33. g5 {[%emt 0:01:35]} hxg5 {[%emt 0:00:22]} 34. Rxb6 {[%emt 0:00:02]} Rb4 {[%emt 0:01:28]} 35. Rb8 {[%emt 0:04:45]} Kf6 {[%emt 0:04:54]} 36. b6 {[%emt 0:00:21]} Ke5 {[%emt 0:02:25]} 37. Kh2 {[%emt 0:09:23]} Rb3 {[%emt 0:00:59]} 38. g4 {[%emt 0:08:53]} Kf4 {[%emt 0:07:48]} 39. b7 {[%emt 0:00:04]} Kxg4 {[%emt 0:02:10]} 40. Re8 {[%emt 0:00:00]} Rxb7 {[%emt 0:01:14]} 41. Rxe6 {[%emt 0:01:39]} Rb2+ {[%emt 0:08:12]} 42. Kg1 {[%emt 0:00:03]} Kf3 {[%emt 0:02:35]} 43. Ra6 {[%emt 0:00:44]} Rg2+ {[%emt 0:04:59]} 44. Kh1 {[%emt 0:00:52]} Re2 {[%emt 0:02:48]} 45. Kg1 {[%emt 0:08:27]} g4 {[%emt 0:02:28]} 46. Ra1 {[%emt 0:01:24]} Re8 {[%emt 0:08:00]} 47. Rb1 {[%emt 0:03:54]} g3 {[%emt 0:09:01]} 48. Rb3+ {[%emt 0:00:40]} Re3 {[%emt 0:03:29]} 49. Rb1 {[%emt 0:00:02]} Re8 {[%emt 0:04:24]} 50. Rb3+ {[%emt 0:00:05]} Kg4 {[%emt 0:00:06]} 51. Rb5 {[%emt 0:00:11]} Re1+ {[%emt 0:05:22]} 52. Kg2 {[%emt 0:00:01]} Re2+ {[%emt 0:00:18]} 53. Kg1 {[%emt 0:00:02]} g5 {[%emt 0:05:15]} 54. Rb8 {[%emt 0:00:12]} Re1+ {[%emt 0:00:24]} 55. Kg2 {[%emt 0:00:03]} Re2+ {[%emt 0:00:04]} 56. Kg1 {[%emt 0:00:10]} Ra2 {[%emt 0:00:42]} 57. Rc8 {[%emt 0:00:10]} Ra1+ {[%emt 0:01:28]} 58. Kg2 {[%emt 0:00:02]} Ra2+ {[%emt 0:00:04]} 59. Kg1 {[%emt 0:00:07]} g2 {[%emt 0:02:18]} 60. Rc4+ {[%emt 0:00:00]} Kh3 {[%emt 0:00:53]} 61. Rc3+ {[%emt 0:00:18]} Kh4 {[%emt 0:00:09]} 62. Rc4+ {[%emt 0:00:08]} g4 {[%emt 0:00:35]} 63. Rc3 {[%emt 0:00:04]} Kh5 1/2-1/2

[Event "Tata Steel-A 80th"]
[Site "Wijk aan Zee"]
[Date "2018.01.21"]
[Round "8"]
[White "Carlsen, Magnus"]
[Black "Jones, Gawain C B"]
[Result "1-0"]
[WhiteElo "2834"]
[BlackElo "2640"]
[Annotator "Nielsen,Peter Heine"]
[PlyCount "83"]
[EventDate "2018.01.13"]
[EventType "tourn"]
[EventRounds "13"]
[EventCountry "NED"]
[EventCategory "20"]
[SourceTitle "CBM 183"]
[Source "ChessBase"]
[SourceDate "2018.03.14"]
[SourceVersion "1"]
[SourceVersionDate "2018.03.14"]
[SourceQuality "1"]

1. e4 {Golubev,M} c5 {A slight surprise as recently Jones have preferred the indeed more solid 1...e5. But as these days publicity is what matters even Nakamura played the Dragon in order just to get in one funny tweet, why wouldn't Jones use his opportunity at the stage vs. the World Champion to advertise his two books on the subject?} 2. Nf3 d6 3. d4 $5 {Somewhat impratical, as one could argue Magnus would be an even bigger favourite if a theoretical battle was out of the picture with any random move like 3.b5+, but again, that would indeed be predictable.} cxd4 4. Nxd4 Nf6 5. Nc3 g6 6. Be3 Bg7 7. f3 Nc6 8. Qd2 O-O 9. O-O-O {A few years back when Magnus himself played the Dragon as Black 9.c4 was the line he was most tested in, but Leko did play this move agianst him in their match at Miskolic 2008.} d5 10. Qe1 $5 {This is the pet-line that Leko used to cause get opening advantages yet no wins against Magnus in the match, but later both did collect the full point against Lawrence Trent at Isle of Mans.} e5 {On my own repertoire DVD I recommended 10...e6 for Black, but since then White has found improvements and in his book Jones rightfully preferred 10...e5.} 11. Nxc6 bxc6 12. exd5 Nxd5 {Magnus took with the c-pawn - 12...cxd5 - but after 13.g5 e6 14.c4 it has now been established that Black just suffers, which the games illustrated well.} 13. Bc4 Be6 14. Kb1 $5 {Especially two games by Wei Yi in 2013 made this particular move popular as Black just seemed to suffer. In his book Jones recommends 14...b8 which even was played shortly after this game in Gibraltar against Duda. Gawain however cunningly deviates from his own recommendation, obviously taking the World Champion by surprise, as he now started spending considerable amounts of times for his next moves:} Re8 $5 ({RR} 14... f5 15. Qd2 e4 16. Nxd5 cxd5 17. Bxd5 Qxd5 18. Qxd5 Bxd5 19. Rxd5 f4 20. Bc5 Rfb8 21. b3 e3 22. Bd6 Rd8 23. c4 g5 24. Kc2 Rac8 25. Rhd1 a5 26. Be7 Rxd5 27. Rxd5 e2 28. Kd2 Rc6 29. Bxg5 {Anand,V (2751)-Mamedov,R (2656) Baku 2021 1-0 (49)}) ({RR} 14... Rb8 15. Ne4 h6 16. g4 Qc7 17. Bc5 Rfd8 18. Bb3 a5 19. h4 f5 20. gxf5 gxf5 21. Nc3 e4 22. Na4 Nf4 23. Rxd8+ Qxd8 24. Rg1 Bxb3 25. axb3 Rb7 26. fxe4 fxe4 27. Qxe4 Qf6 28. Bd4 Qxh4 29. Qxc6 {Klim,F (2212)-Manukyan,S (2267) chess.com INT 2025 1-0 (33)}) 15. Ne4 f5 $1 {A strong novelty.} 16. Ng5 Bc8 $1 {This is the point. Surprisingly there is no way White can really exploit Black's loss of time.  From a practical point of view its tempting for White to try and find a move that might push Black out of his preparations and force "man vs. man" situations, and after a few minutes Magnus lashed out with:} 17. g4 $146 {This is logical, as after 17...h6 18.e4 why wouldn't it be better that White immediately threatened to open the gfile? However 17.h4 was not only an aggressive move, it also had the advantage of protecting the knight at g5, which means that after...} ({The computer indicates the logical} 17. h4 {but concluding that after} Rb8 $5 {willingly sacrificing the a7-pawn, Black has sufficient counterplay:} 18. Bb3 h6 19. c4 hxg5 20. cxd5 Rxb3 $1 {being a principled line.}) ({One more idea is} 17. Bb3 $5 {Golubev,M} f4 18. h4 ({Black should be able to survive also} 18. Ne4 fxe3 19. c4 Be6 $1 20. cxd5 cxd5 21. Qxe3 $11) 18... fxe3 19. c4 e4 $5 20. cxd5 Qf6 {and White has an easy draw, for example,} 21. dxc6+ Kh8 22. Nf7+ Kg8 23. Ng5+ {(where Black should avoid} Be6 $2 24. Bxe6+ Rxe6 25. Qb4 $1 $18 {) but probably no more. Hopefully, Black is OK everywhere. But before entering all these lines in a practical game, the safest is to check them with AlphaZero. One way or another, one can see how dangerous is to play the Dragon these days, if your opponent isn't a lazy world champ but someone who is well prepared.}) ({RR} 17. h4 h6 18. Ne4 Be6 19. Nc5 Bf7 20. g4 e4 21. gxf5 exf3 22. fxg6 Bxg6 23. Qg1 Kh7 24. Bd4 Bxd4 25. Rxd4 Qf6 26. Qf2 Ne3 27. Rd7+ Kh8 28. Bd3 Ng4 29. Qd2 f2 30. Rf1 Bxd3 31. Nxd3 Rad8 {Lindberg,B (2353)-Olsson,W (2355) Tylosand SWE 2023 0-1 (67)}) ({RR} 17. h4 h6 18. Ne4 Be6 19. Nc5 Bf7 20. Bc1 Qe7 21. Qf2 e4 22. fxe4 fxe4 23. Bxd5 Bxd5 24. Rhe1 a5 25. Be3 Rab8 26. Bd4 e3 27. Qf4 Rf8 28. Qg4 Bxd4 29. Qxd4 e2 30. Rd2 Rf1 31. Nd3 Rbf8 {Pichot,A (2564)-Jones,G (2667) Chess.com INT 2018 1-0 (60)}) 17... f4 $1 {...the shocking reality is that Black is winning a piece! Magnus in an interview afterwards admitting to that simply having blundered.} 18. h4 $5 {After all Fischer had a point. It's all about h4-h5 and mate against the Dragon!} ({Else a possible explanation could be invented that} 18. Bxf4 exf4 19. Rxd5 cxd5 $1 ({but not} 19... Rxe1+ 20. Rd1+ $1) 20. Bxd5+ Qxd5 21. Qxe8+ Bf8 {is sufficient as Black's queen covers the f7-square thus leaving White with no effective follow up. Even more interesting, online spectators where speculating that Magnus was inspired by the sensational attacking games of Alphazero where material considerations seemed to be less important to artificial intelligence that humans so far had seemed to appreciate. Still right now that's a stretch, Black is just a piece up and resignation would in principle be a viable option for White, but as the World Champion stated in the post game interview that the psychological situation had completely changed. White has indeed lost a piece, but also any kind of expectations for a result, while for Jones obviously the reverse must have been true. All pressure is now on the Englishman:}) 18... fxe3 19. Qxe3 h6 20. Qc5 Bb7 $1 {Objectively the strongest move,} ({but} 20... hxg5 {was worth considering. White gets back one piece with some interest after} 21. Qxc6 Be6 22. Bxd5 Bxd5 23. Rxd5 {but} Qb6 24. Qc4 Qe6 $1 {while being less advantages based on engine-evalution still should be plenty to win the game as after} 25. hxg5 e4 {the black Dragon bishop comes to life and after all, is an extra piece!}) 21. Ne4 Re6 22. h5 Qb6 $2 {Somewhat understandably Gawain wants ot exchange queens, and simultaneously puts it on a logical square eying the b-pawn in the open b-line.} ({However} 22... g5 $1 {would effectively shut down White's counterplay on the kingside, and while it does weaken the f5-square and the white squares in general, its not nearly enough for a piece.}) {Now however:} 23. g5 $1 {Norwegian Grandmaster Johan Salomon got it spot on here, while tweeting that things has turned 180 degrees predicting a white win, while the engines indeed still shows Black is safely winning. Black is still a piece up, but he has gone from having the kingside under control, to now entering chaos.} hxg5 $2 ({The primary problem of course is that} 23... Qxc5 {while it does exchange the queens, does lose material immediately after} 24. Nxc5 {as} Re7 25. Nxb7 Rxb7 26. Rxd5 $1 {wins.}) (23... Bf8 $1 {would have prevented White's next move, and while} 24. Qg1 $1 Qxg1 25. Rdxg1 {still is a decent initiative for White, the lack of queens does make a noticeable difference.}) 24. Qa3 Rb8 25. b3 $1 {A great move. Sure it blocks White's queen from the 3rd rank, but it can be regrouped via c1 if neccesary, and mainly now it's all about king safety: Black's will be exposed, while White now having removed the weakness of b2, to the safely defended b3, will not have to bother in the sligthest about a black counterattack in the process. Stockfish despite being a piece down already gives 0.00 indicating equality, but I'm sure, were Alphazero not busy with new important research projects, it would tell us White already is winning as his long-term initiative is unstoppable.} Qd8 {Technically the losing move. 25...gxh5 or 25...g4 was a better chance.} 26. Qxa7 $1 {It's not so much the pawn, but more the attack along the 7th rank that matters, as well as again the queen could go to g1 attacking along the g-file if need be.} gxh5 27. Rxh5 Rg6 28. Rxg5 Rxg5 29. Nxg5 {Exploiting that the rook on b8 is unprotected should Black take the knight on g5.} Qc8 30. Rg1 Ra8 31. Qb6 Ra6 32. Qc5 Qd7 33. Ne4 Kh8 34. Qf2 Qe7 35. Bxa6 {Direct attack also would have decided the game, but almost with a touch of irony, Magnus gets materialistic in the end.} Bxa6 36. Qh2+ Kg8 37. Qh6 Qa7 38. Qe6+ Kf8 39. Rg5 Ne3 40. Qd6+ Kf7 41. Nc5 Bc8 42. Rxg7+ {As 42...xg7 43.xe5+ followed by 44.xe3 leaves White a healthy 3 pawns up, Black resigned.} 1-0